Loading...
Devil and Miss Prym /
| Main Author: | |
|---|---|
| Other Authors: | , |
| Format: | Printed Book |
| Published: |
New Delhi:
Harper-Collins,
2005.
|
| Subjects: |
| LEADER | 00533cam a2200157ua 4500 | ||
|---|---|---|---|
| 082 | |a 869.84 |b COE/D | ||
| 100 | |a Coelho, Paulo | ||
| 245 | 1 | 0 | |a Devil and Miss Prym / |
| 260 | |a New Delhi: |b Harper-Collins, |c 2005. | ||
| 300 | |a 201p. | ||
| 650 | |a portugese fiction |a Brazilian Literature-English translation | ||
| 700 | |a Hopkins, Amanda | ||
| 700 | 0 | 2 | |a Caiser, Nick |
| 942 | |c BK | ||
| 999 | |c 18967 |d 18967 | ||
| 952 | |0 0 |1 0 |4 0 |6 869_840000000000000_COE |7 0 |9 19807 |a KUCL |b KUCL |d 2014-05-23 |l 5 |m 1 |o 869.84 COE/ |p 15188 |r 2018-04-13 |s 2018-03-07 |w 2014-05-23 |y BK | ||